000 00634nam a2200229Ia 4500
005 20260320201827.0
008 008 262003s9999 xx 000 0 eng d
037 _aEBOOK
040 _aCRL
040 _beng
040 _cCRL
041 _2eng
041 _aeng
084 _qCRL
100 _aGershkovich
_91136052
245 0 _aData Modeling with Snowflake: A practical guide to accelerating Snowflake development using universal data modeling techniques
260 _bIEEE
856 _uhttps://ieeexplore.ieee.org/servlet/opac?bknumber=10251333
942 _cEBOOK
999 _c1723759
_d1723759